5-kirjaimista maantiedettä #4 - Statistics

Yleistilastot
  • Tätä visaa on pelattu 446 kertaa
  • Keskiarvotulos 15 / 22
Vastaustilastot
Vihje Vastaus % Oikein
Sen pääkaupunki on Nairobi Kenia
94%
Bulgarian pääkaupunki Sofia
94%
Talviolympialaisten menestynein valtio Norja
91%
Vietnamin pääkaupunki Hanoi
84%
Suosittu kylpyläkaupunki Viron länsirannikolla Pärnu
82%
Yllä oleva valtio tunnetaan näistä kapeista merenlahdista Vuono
80%
Nimitys maanpinnan alapuolella olevalle laavalle Magma
78%
Afganistanin pääkaupunki Kabul
77%
Japanin toiseksi väkirikkain kaupunkialue Osaka
77%
Sinapista tunnettu kaupunki Ranskassa Dijon
72%
Muhammed syntyi tässä kaupungissa Mekka
72%
Apia on tämän Oseanian valtion pääkaupunki Samoa
69%
Afrikan kaksi väkirikkainta kaupunkialuetta Kairo
67%
Toinen nimi kartastolle Atlas
64%
Indonesialle puoliksi kuuluva saari, jonka itäosa itsenäistyi vuonna 2002 Timor
64%
Yhdysvaltain itäisin osavaltio Alaskaa lukuun ottamatta Maine
63%
Yli 30 miljoonan asukkaan kaupunki, jossa on yksi maailman huonoimmista ilmanlaaduista Delhi
62%
Rooman halki virtaava joki Tiber
58%
Afrikan kaksi väkirikkainta kaupunkialuetta Lagos
54%
Valkoisista kallioistaan tunnettu kaupunki Englannin kaakkoisrannikolla Dover
39%
Kaupunki Ranskan, Sveitsin ja Saksan rajalla Basel
30%
Aikoinaan Inkavaltakunnan pääkaupunkina toiminut kaupunki Cusco
26%
Ehtoja vastaavia visoja ei löytynyt
Tulosjakauma
Jokaisen tuloksen saaneiden osuus
Persentiili vastausten määrän mukaan
Tuloshistoriasi
Et ole pelannut tätä visaa